|
|
|
|
| LEADER |
00000nam0a2200000 4500 |
| 001 |
349866 |
| 005 |
20231102010238.0 |
| 010 |
|
|
|a 5020166758
|
| 020 |
|
|
|a RU
|b 89-27704
|
| 035 |
|
|
|a (RuTPU)RU\TPU\retro\2945
|
| 090 |
|
|
|a 349866
|
| 100 |
|
|
|a 20180918d1989 km y0rusy5003 ca
|
| 101 |
0 |
|
|a rus
|
| 102 |
|
|
|a RU
|
| 105 |
|
|
|a y g 000zy
|
| 200 |
1 |
|
|a Юго-Восточная Азия. Несоциалистические страны
|e справочник
|f Академия наук СССР (АН СССР), Институт востоковедения (ИВ) ; под ред. О. Г. Барышниковой , Г. С. Шабалиной
|
| 210 |
|
|
|a Москва
|c Наука
|d 1989
|
| 215 |
|
|
|a 331,[1] с.
|d 22 см
|
| 606 |
1 |
|
|a Юго-Восточная Азия (география)
|2 stltpush
|3 (RuTPU)RU\TPU\subj\21515
|9 46490
|
| 606 |
1 |
|
|a Азия
|x Экономика
|2 stltpush
|3 (RuTPU)RU\TPU\subj\38124
|9 58800
|
| 610 |
1 |
|
|a развивающиеся страны
|
| 610 |
1 |
|
|a демография
|
| 610 |
1 |
|
|a справочники
|
| 610 |
1 |
|
|a торговля
|
| 610 |
1 |
|
|a культура
|
| 610 |
1 |
|
|a искусство
|
| 675 |
|
|
|a 91(5)(035.5)
|z rus
|v 3
|
| 686 |
|
|
|a У9(5)
|2 rubbk
|
| 702 |
|
1 |
|a Барышникова
|b О. Г.
|4 340
|
| 702 |
|
1 |
|a Шабалина
|b Г. С.
|4 340
|
| 712 |
0 |
2 |
|a Академия наук СССР (АН СССР)
|b Институт востоковедения (ИВ)
|c (Москва)
|2 stltpush
|3 (RuTPU)RU\TPU\col\11263
|
| 801 |
|
0 |
|a RU
|b RuMRKP
|c 19960704
|g psbo
|
| 801 |
|
1 |
|a RU
|b 63413507
|c 20180918
|
| 801 |
|
2 |
|a RU
|b 63413507
|c 20180918
|g RCR
|
| 942 |
|
|
|c BK
|